Cyclisme : Top 20 de l'UAE Tour 2025 - Statistiques

Statistiques générales
  • Ce quiz a été pris 85 fois
  • Le résultat moyen est 7 sur 20
Statistiques - réponses
Position Equipe Coureur % Correct
1er UAE Team Emirates - XRG Tadej Pogacar
99%
2eme Lidl Trek Giulio Ciccone
76%
3eme Bahrain Victorious Pello Bilbao
65%
5eme Picnic PostNL Oscar Onley
61%
4eme Movistar Ivan Romeo
51%
18eme Decathlon AG2R La Mondiale Felix Gall
48%
11eme Lotto Lennert Van Eetvelt
46%
15eme Tudor Michael Storer
38%
16eme Movistar Einer Augusto Rubio
35%
6eme RedBull - Bora-Hansgrohe Finn Fisher-Black
34%
14eme UAE Team Emirates - XRG Jay Vine
32%
7eme Movistar Pablo Castrillo
31%
9eme XDS Astana Harold Tejada
27%
20eme Decathlon AG2R La Mondiale Bruno Armirail
23%
8eme Soudal - Quick Step William Junior Lecerf
23%
17eme Israel - Premier Tech Matthew Riccitello
17%
10eme Lidl - Trek Patrick Konrad
17%
12eme EF Education - Easy Post Georg Steinhauser
10%
19eme VF Group-Bardiani CSF Alessandro Pinarello
7%
13eme Bahrain Victorious Rainer Kepplinger
6%
Aucun quiz correspondant
Distribution des résultats
% des personnes avec chaque résultat
Percentile par nombre de réponses
Votre historique - résultats
Vous n’avez pas pris ce quiz